[Event "Reykjavik Open 2024"]
[Site "Reykjavik ISL"]
[Date "2024.03.20"]
[Round "8.129"]
[White "Nolsoe, Rani"]
[Black "Hauksson, Helgi"]
[Result "1/2-1/2"]
[WhiteElo "1986"]
[BlackElo "1790"]
[WhiteFideId "7200064"]
[BlackFideId "2305593"]
[EventDate "2024.03.15"]

1. e4 c6 2. d4 d5 3. Nc3 dxe4 4. Nxe4 Nd7 5. Bc4 e6 6. Nf3 Ngf6 7. Nxf6+ Nxf6 8.
O-O Be7 9. Qe1 O-O 10. Qe2 b6 11. Bg5 Nd5 12. Bxe7 Nxe7 13. Rad1 Qc7 14. Ne5 Ng6
15. Qf3 Nxe5 16. dxe5 Bb7 17. Rd6 Rad8 18. Rfd1 Rxd6 19. exd6 Qd7 20. Qd3 Rd8
21. h4 b5 22. Bb3 c5 23. c4 Bc6 24. f3 g6 25. h5 h6 26. Bc2 f5 27. b3 Kf8 28.
Kf2 Qe8 29. g4 Qf7 1/2-1/2

[Event "Reykjavik Open 2024"]
[Site "Reykjavik ISL"]
[Date "2024.03.20"]
[Round "8.130"]
[White "Osorio Ferrer, Roberto Eduardo"]
[Black "Hennig, Konrad"]
[Result "1/2-1/2"]
[WhiteElo "1776"]
[BlackElo "1946"]
[WhiteFideId "3964612"]
[BlackFideId "34622519"]
[EventDate "2024.03.15"]

1. e4 c6 2. Nc3 d5 3. Qf3 dxe4 4. Nxe4 Nf6 5. Bc4 Nbd7 6. Bb3 e6 7. d4 Nxe4 8.
Qxe4 Nf6 9. Qh4 Be7 10. Nf3 Qa5+ 11. Bd2 Qh5 12. Qxh5 Nxh5 13. O-O O-O 14. Rfe1
Rd8 15. c4 Nf6 16. Rad1 b6 17. d5 cxd5 18. cxd5 Nxd5 19. Bxd5 Rxd5 20. Bf4 Bb7
21. Rc1 Bc5 22. Be3 Rc8 23. a3 Bd6 24. Nd4 Rxc1 25. Rxc1 Be5 26. Rd1 Bf6 27. Rd2
g6 28. h3 a5 29. Kf1 b5 30. g3 Kg7 31. h4 h6 32. Ke1 g5 33. hxg5 hxg5 34. Kd1 g4
35. Kc1 Rh5 36. Nxe6+ Kg8 37. Nd4 Be4 38. Rd1 Rc5+ 39. Kd2 b4 40. axb4 axb4 41.
Rc1 Bxd4 1/2-1/2

[Event "Reykjavik Open 2024"]
[Site "Reykjavik ISL"]
[Date "2024.03.20"]
[Round "8.131"]
[White "Madsen, Jens Ingemann"]
[Black "Wallasch, Stefan"]
[Result "1-0"]
[WhiteElo "1945"]
[BlackElo "1777"]
[WhiteFideId "1434993"]
[BlackFideId "34646043"]
[EventDate "2024.03.15"]

1. e4 Nf6 2. e5 Nd5 3. d4 d6 4. Nf3 dxe5 5. Nxe5 c6 6. c4 Nb4 7. Be3 Bf5 8. Nd3
Qa5 9. Nc3 Nd7 10. a3 Nxd3+ 11. Bxd3 Bxd3 12. Qxd3 e6 13. O-O Be7 14. b4 Qh5 15.
Ne4 Qg6 16. Rad1 Rd8 17. f3 O-O 18. Qe2 Nb6 19. Rd2 Nc8 20. Nc3 Nd6 21. d5 a6
22. Bb6 Rde8 23. dxc6 bxc6 24. Rfd1 Nc8 25. Bc7 Bf6 26. Ne4 Re7 27. Bg3 Ra7 28.
Rd7 Rxd7 29. Rxd7 Rd8 30. Qd3 Rxd7 31. Qxd7 Ne7 32. Qe8# 1-0

[Event "Reykjavik Open 2024"]
[Site "Reykjavik ISL"]
[Date "2024.03.20"]
[Round "8.132"]
[White "Van Meter, Lester"]
[Black "Pointier, Pierre"]
[Result "1-0"]
[WhiteTitle "FM"]
[WhiteElo "1906"]
[BlackElo "1698"]
[WhiteFideId "2001691"]
[BlackFideId "343104638"]
[EventDate "2024.03.15"]

1. d4 d5 2. Nf3 Nf6 3. c4 c6 4. g3 g6 5. Bg2 Bg7 6. O-O O-O 7. Qb3 Qb6 8. Nc3
dxc4 9. Qxc4 Be6 10. Qd3 Rd8 11. e3 Na6 12. Qe2 h6 13. Rd1 Nc7 14. Na4 Qa6 15.
Qxa6 Nxa6 16. Bd2 Bf5 17. Rac1 Be4 18. Be1 g5 19. Ne5 Bxg2 20. Kxg2 Ne8 21. Nd3
Rac8 22. Rd2 Rd7 23. Rdc2 Rdc7 24. g4 b6 25. f3 Nd6 26. Bg3 Nb8 27. b3 Rd7 28.
Nc3 Kf8 29. a4 Rcd8 30. Ne5 Bxe5 31. Bxe5 f6 32. Bg3 Na6 33. Bxd6 exd6 34. Ne4
c5 35. Nxf6 Rf7 36. Nd5 Re8 37. Rc3 Nb8 38. b4 Nd7 39. Nc7 Rc8 40. Ne6+ 1-0

[Event "Reykjavik Open 2024"]
[Site "Reykjavik ISL"]
[Date "2024.03.20"]
[Round "8.133"]
[White "Saemundsson, Bjarni"]
[Black "Eythorsson, Engilbert Vidar"]
[Result "0-1"]
[WhiteElo "1903"]
[BlackElo "1743"]
[WhiteFideId "2302900"]
[BlackFideId "2321769"]
[EventDate "2024.03.15"]

1. Nc3 Nf6 2. d4 d5 3. Bg5 e6 4. e4 h6 5. Bxf6 Qxf6 6. exd5 Bb4 7. Bb5+ c6 8.
dxc6 bxc6 9. Bc4 O-O 10. Ne2 c5 11. a3 Bxc3+ 12. bxc3 Rd8 13. Qc1 Nc6 14. Bb5
Bb7 15. Bxc6 Bxc6 16. O-O Rd5 17. Qe3 Qg6 18. Nf4 Rg5 19. Nxg6 Rxg2+ 20. Kh1
Rxf2+ 21. Kg1 Rg2+ 22. Kh1 Rg3+ 23. Rf3 Bxf3+ 24. Qxf3 Rxf3 25. Kg2 Rxc3 0-1

[Event "Reykjavik Open 2024"]
[Site "Reykjavik ISL"]
[Date "2024.03.20"]
[Round "8.134"]
[White "Banta, Robert Lance"]
[Black "Pisan, Kai"]
[Result "0-1"]
[WhiteElo "1755"]
[BlackElo "1897"]
[WhiteFideId "39908682"]
[BlackFideId "39904881"]
[EventDate "2024.03.15"]

1. c4 c6 2. d4 d5 3. Nc3 Nf6 4. Nf3 e6 5. Bg5 Nbd7 6. cxd5 exd5 7. a3 h6 8. Bh4
g5 9. Bg3 Nh5 10. e3 Nxg3 11. hxg3 Bg7 12. Bd3 Nb6 13. Qc2 Be6 14. Nd2 Qe7 15.
Nb3 O-O-O 16. O-O-O Kb8 17. Kb1 Rhe8 18. Rde1 Nc4 19. Nc5 Nd6 20. Nxe6 fxe6 21.
f4 Rf8 22. Qe2 Nf5 23. Qf2 Qc7 24. g4 Nd6 25. g3 c5 26. Rc1 c4 27. Bc2 Qd7 28.
Qe2 Nb5 29. Qd2 Nxc3+ 30. Qxc3 Qd6 31. Rcf1 Rd7 32. Rh2 b5 33. Rhf2 Rdf7 34. Rf3
Qb6 35. Bg6 Rf6 36. f5 a5 37. b3 a4 38. Bh5 Rd8 39. R1f2 Qd6 40. Re2 Rff8 41.
Ref2 e5 42. Rg2 Qf6 43. Rd2 Rd7 44. Rf1 exd4 45. exd4 Re7 46. Kc2 Re4 47. Rfd1
Qe7 48. Qf3 Rd8 49. f6 Bxf6 50. Qf5 Re3 51. Rf1 c3 52. Rdf2 Re2+ 53. Kb1 c2+ 0-1

[Event "Reykjavik Open 2024"]
[Site "Reykjavik ISL"]
[Date "2024.03.20"]
[Round "8.135"]
[White "Solsker, Tummas M."]
[Black "Perchard, Matthew"]
[Result "1-0"]
[WhiteElo "1897"]
[BlackElo "1724"]
[WhiteFideId "7200480"]
[BlackFideId "343404235"]
[EventDate "2024.03.15"]

1. d4 Nf6 2. Nf3 e6 3. Bf4 d5 4. e3 Bd6 5. Bg3 c5 6. Nbd2 O-O 7. c3 Qc7 8. Bd3
Nbd7 9. Qe2 c4 10. Bc2 b5 11. e4 dxe4 12. Nxe4 Bxg3 13. hxg3 Qd8 14. Ne5 Nxe4
15. Qxe4 f5 16. Qxa8 Nxe5 17. dxe5 Qc7 18. O-O-O b4 19. Qf3 a5 20. g4 g6 21.
gxf5 exf5 22. Qd5+ Kh8 23. Qd6 Qg7 24. e6 bxc3 25. bxc3 Re8 26. e7 Qf7 27. Qe5+
Kg8 28. Rd8 h5 29. Ba4 1-0

[Event "Reykjavik Open 2024"]
[Site "Reykjavik ISL"]
[Date "2024.03.20"]
[Round "8.137"]
[White "Magnussen, Petur Gardar"]
[Black "Skjoldebrand, Martin"]
[Result "0-1"]
[WhiteElo "1727"]
[BlackElo "1884"]
[WhiteFideId "7203802"]
[BlackFideId "1711911"]
[EventDate "2024.03.15"]

1. e4 c5 2. c3 e6 3. d4 d5 4. exd5 Qxd5 5. Nf3 Nc6 6. Be2 Nf6 7. O-O Be7 8. b3
O-O 9. Bb2 Rd8 10. Qc2 cxd4 11. Nxd4 e5 12. Nxc6 Qxc6 13. Nd2 Be6 14. Bf3 Bd5
15. Rfe1 Bd6 16. c4 Re8 17. Rac1 Bxf3 18. Nxf3 e4 19. Nd4 Qc5 20. Nb5 Bf4 21.
Rcd1 Qh5 22. h3 e3 23. Bxf6 exf2+ 24. Kxf2 gxf6 25. Kg1 Qh4 26. Qc3 Rad8 27.
Rxd8 Rxd8 28. Rf1 Be5 29. Qf3 a6 30. Na3 Rd2 31. Qxb7 Rxa2 32. Nb1 Qg3 33. Qc8+
Kg7 34. Qg4+ Qxg4 35. hxg4 Rb2 36. Na3 Rxb3 37. Nc2 Rc3 38. Nb4 a5 39. Nc6 a4
40. g5 Rxc4 41. gxf6+ Bxf6 42. Na5 Rc3 43. Ra1 a3 44. Nb7 Rb3 0-1

[Event "Reykjavik Open 2024"]
[Site "Reykjavik ISL"]
[Date "2024.03.20"]
[Round "8.138"]
[White "Hallmundarson, Birkir"]
[Black "Ozbas, Burak"]
[Result "0-1"]
[WhiteElo "1708"]
[BlackElo "1876"]
[WhiteFideId "2319446"]
[BlackFideId "6323480"]
[EventDate "2024.03.15"]

1. Nf3 d5 2. c4 e6 3. d4 Nf6 4. Nc3 b6 5. Bg5 Be7 6. cxd5 exd5 7. e3 O-O 8. Bd3
Bb7 9. O-O Ne4 10. Bf4 c5 11. Qc2 f5 12. Rfd1 Nc6 13. dxc5 Nb4 14. Qe2 Nxc3 15.
bxc3 Nxd3 16. Qxd3 Bxc5 17. Nd4 Qf6 18. Nf3 h6 19. Be5 Qe6 20. Bd4 Bd6 21. c4
dxc4 22. Qc3 Bxf3 23. gxf3 Qg6+ 24. Kh1 Qh5 25. Qxc4+ Kh7 26. f4 Qf3+ 27. Kg1
Be7 28. Qf1 Bf6 29. Qg2 Qxg2+ 30. Kxg2 Bxd4 31. Rxd4 b5 32. Rb1 a6 33. a4 bxa4
34. Rxa4 Kg6 35. Ra5 Rf6 36. Rc1 Kf7 37. Rc7+ Kf8 38. Rcc5 g6 39. Rc7 Rb6 40.
Rh7 Kg8 41. Rxh6 Kg7 42. Rh3 Rb5 43. Ra1 Rb6 44. Rg3 a5 45. Kf3 a4 46. Rgg1 a3
47. Rgc1 Rb2 48. Rcb1 Rxb1 49. Rxb1 a2 50. Ra1 Kf6 51. Ke2 Ke6 52. f3 Kd5 53.
Kd3 Ra3+ 54. Kd2 Kc4 55. Kc1 Kb3 56. e4 fxe4 57. fxe4 Ra4 58. f5 gxf5 59. exf5
Rf4 60. Kd2 Kb2 61. Rxa2+ Kxa2 62. h4 Rxf5 63. Ke3 Rh5 64. Kf4 Rxh4+ 0-1

[Event "Reykjavik Open 2024"]
[Site "Reykjavik ISL"]
[Date "2024.03.20"]
[Round "8.139"]
[White "Arun, Rahul"]
[Black "Wolff, Michael"]
[Result "1/2-1/2"]
[WhiteElo "1693"]
[BlackElo "1874"]
[WhiteFideId "2524210"]
[BlackFideId "24607657"]
[EventDate "2024.03.15"]

1. d4 Nf6 2. c4 c5 3. e3 cxd4 4. exd4 d5 5. Nf3 Nc6 6. Nc3 Bg4 7. Be3 e6 8. cxd5
Nxd5 9. Nxd5 Qxd5 10. Be2 Bb4+ 11. Bd2 Bxd2+ 12. Qxd2 O-O 13. O-O Bxf3 14. Bxf3
Qxd4 15. Qxd4 Nxd4 16. Bxb7 Rab8 17. Ba6 Rxb2 18. Rfb1 Rfb8 19. Rxb2 Rxb2 20.
Rd1 e5 21. Rc1 g6 22. Bc4 Ne2+ 23. Bxe2 Rxe2 24. Ra1 Kg7 25. Kf1 Rb2 26. Re1 Kf6
27. a3 Rb3 28. a4 Ra3 29. Re4 Ra2 30. g4 a5 31. Kg2 Rb2 32. h3 h6 33. Rc4 Rb4
34. Rxb4 axb4 35. a5 b3 36. a6 b2 37. a7 b1=Q 38. a8=Q Kg7 39. Qd5 Qe1 40. Qd3
Qb4 41. Qd5 Qf4 42. Qd6 Qe4+ 43. Kg1 Qd4 44. Qa3 Qd1+ 45. Kg2 Qd5+ 46. Kg1 Qe6
47. Qc3 Qf6 48. Qg3 e4 49. Kg2 g5 50. Qe3 Qe5 51. Qd2 Kf6 52. Qd8+ Kg7 53. Qd2
Kg6 54. Qd8 Kg7 55. Qd2 f5 56. Qd7+ Kg6 57. gxf5+ Qxf5 58. Qe8+ Kg7 59. Qe7+ Kg6
60. Qe8+ Kf6 61. Qh8+ Kf7 62. Qxh6 Qf3+ 63. Kg1 e3 64. Qh7+ Kf8 65. Qh8+ Kf7 66.
Qh7+ Kf8 67. Qh8+ 1/2-1/2

[Event "Reykjavik Open 2024"]
[Site "Reykjavik ISL"]
[Date "2024.03.20"]
[Round "8.140"]
[White "Helgadottir, Idunn"]
[Black "Leliveld, Andrew"]
[Result "1-0"]
[WhiteElo "1849"]
[BlackElo "1657"]
[WhiteFideId "2314118"]
[BlackFideId "2645327"]
[EventDate "2024.03.15"]

1. d4 f5 2. Bg5 Nf6 3. Bxf6 exf6 4. Nc3 b6 5. Qd2 Bb7 6. f3 d5 7. O-O-O Nd7 8.
Qf4 g6 9. e4 Bd6 10. Qe3 Qe7 11. Re1 O-O-O 12. Nb5 fxe4 13. Nxa7+ Kb8 14. Nb5 f5
15. Nh3 h6 16. Qb3 c6 17. Nxd6 Qxd6 18. g3 g5 19. Bg2 exf3 20. Qxf3 g4 21. Qf4
Nf6 22. Qxd6+ Rxd6 23. Nf4 Ba6 24. Re5 Bc8 25. Ng6 Re8 26. Ne7 Re6 27. Rxe6 Bxe6
28. Nxc6+ Kc7 29. Ne5 Ne4 30. Re1 h5 31. Ng6 Kd6 32. Rf1 Bd7 33. c3 Bb5 34. Rxf5
Nxc3 35. Rf6+ Kc7 36. Rf7+ Kd6 37. Rf6+ Kc7 38. bxc3 Re1+ 39. Kb2 Re2+ 40. Ka3
Rxg2 41. Nf4 Rxh2 42. Nxd5+ Kd8 43. Rd6+ Kc8 44. Rxb6 Bd3 45. Nf4 Kc7 46. Rb2
Rxb2 47. Kxb2 h4 48. Nxd3 hxg3 49. Nf4 Kd6 50. c4 1-0

[Event "Reykjavik Open 2024"]
[Site "Reykjavik ISL"]
[Date "2024.03.20"]
[Round "8.141"]
[White "Reynaud, Frederic"]
[Black "Brynjarsson, Orvar Holm"]
[Result "1-0"]
[WhiteElo "1840"]
[BlackElo "1645"]
[WhiteFideId "2624338"]
[BlackFideId "2321726"]
[EventDate "2024.03.15"]

1. d4 Nf6 2. Nf3 e6 3. Bf4 d5 4. e3 c5 5. Nc3 a6 6. dxc5 Bxc5 7. Bd3 Be7 8. O-O
Nbd7 9. e4 d4 10. Ne2 Nh5 11. Qd2 Nxf4 12. Qxf4 f6 13. e5 fxe5 14. Nxe5 Nxe5 15.
Qxe5 Bf6 16. Qh5+ Ke7 17. Rfe1 Qe8 18. Qc5+ Kf7 19. Nxd4 Bxd4 20. Qxd4 Bd7 21.
Qf4+ Kg8 22. Bc4 Qf7 23. Qd6 Re8 24. Rad1 Bc8 25. Rd4 h5 26. Rde4 Rh6 27. f4 Rf6
28. g3 Qd7 29. Qe5 Qf7 30. h3 Qg6 31. Kh2 b5 32. Bb3 Rf5 33. Qd6 Rf6 34. c4 bxc4
35. Bxc4 Bb7 36. Rxe6 Rfxe6 37. Bxe6+ Kh8 38. Bf5 Qf7 39. Rxe8+ Qxe8 40. Qe5 Qd8
41. Qe2 Kg8 42. Qe6+ Kf8 43. Qd7 Qb6 44. Qd2 g6 45. Bxg6 Qxg6 46. Qb4+ Ke8 47.
Qxb7 Qe6 48. Qf3 Qg6 49. f5 Qg5 50. Qf4 Qf6 51. Qa4+ Kf7 52. Qc4+ Kg7 53. Qc3 1-0

[Event "Reykjavik Open 2024"]
[Site "Reykjavik ISL"]
[Date "2024.03.20"]
[Round "8.142"]
[White "Hauksson, Bjorgvin Jonas"]
[Black "Gudjonsson, Anton Vignir"]
[Result "1-0"]
[WhiteElo "1836"]
[BlackElo "1643"]
[WhiteFideId "2314223"]
[BlackFideId "2323664"]
[EventDate "2024.03.15"]

1. e4 e5 2. Bc4 Nf6 3. d3 Nc6 4. Nc3 h6 5. f4 Bc5 6. Nf3 d6 7. f5 a6 8. Qe2 Nd4
9. Nxd4 Bxd4 10. Be3 Bxe3 11. Qxe3 c6 12. Qf3 Bd7 13. g4 h5 14. g5 Ng8 15. h4
Qe7 16. O-O-O O-O-O 17. Qe3 Be8 18. Rd2 b5 19. Bb3 Kb7 20. a4 f6 21. Rg2 Bf7 22.
gxf6 Qxf6 23. a5 c5 24. Nd5 Bxd5 25. Bxd5+ Kc7 26. b4 Qe7 27. bxc5 dxc5 28. Rhg1
Rh7 29. Bxg8 Rxg8 30. Rg6 Kb7 31. Rb6+ Ka7 32. Rgg6 Rh6 33. Rxa6+ Kb7 34. Rxh6
gxh6 35. Qxh6 Rg1+ 36. Kb2 Qc7 37. Qb6+ Qxb6 38. Rxb6+ Kc7 39. Rxb5 Kc6 40. Rb6+
Kc7 41. Re6 Rg4 42. Rxe5 Rxh4 43. Rxc5+ Kd6 44. Rd5+ Ke7 45. a6 Rg4 46. f6+ Kxf6
47. Rxh5 Rg7 48. d4 Kf7 49. c4 Kg6 50. Ra5 Kf6 51. Kc3 Ke6 52. c5 Kd7 53. Kc4
Kc6 54. d5+ Kd7 55. e5 Kc7 56. c6 Kd8 57. Kc5 Kc7 58. d6+ Kb8 59. e6 Kc8 60. Kb6
Kb8 61. e7 1-0

[Event "Reykjavik Open 2024"]
[Site "Reykjavik ISL"]
[Date "2024.03.20"]
[Round "8.143"]
[White "Gilsdottir, Sara"]
[Black "Owen, Garth I"]
[Result "0-1"]
[WhiteElo "1667"]
[BlackElo "1834"]
[WhiteFideId "1574337"]
[BlackFideId "10700382"]
[EventDate "2024.03.15"]

1. d4 Nf6 2. c4 g6 3. Nc3 Bg7 4. e4 d6 5. f3 O-O 6. Be3 Nbd7 7. Qd2 c5 8. Nge2
Qc7 9. Bh6 a6 10. h4 cxd4 11. Nd5 Nxd5 12. cxd5 e5 13. h5 Bxh6 14. Qxh6 Qa5+ 15.
Qd2 Qxd2+ 16. Kxd2 a5 17. Nc1 Nc5 18. Bb5 f5 19. hxg6 hxg6 20. Rh4 fxe4 21. fxe4
g5 22. Rh2 Nxe4+ 23. Kd3 Bf5 24. Ke2 Rac8 25. Ba4 Bg6 26. Nd3 Ng3+ 27. Kd2 Nf1+
28. Rxf1 Rxf1 29. Bd7 Rcf8 30. Ke2 e4 31. Be6+ Kg7 32. Ne1 R8f2+ 33. Kd1 e3 0-1

[Event "Reykjavik Open 2024"]
[Site "Reykjavik ISL"]
[Date "2024.03.20"]
[Round "8.144"]
[White "Glasschroeder, Maximilian"]
[Black "Hasini, Kamabathula"]
[Result "1-0"]
[WhiteElo "1833"]
[BlackElo "1612"]
[WhiteFideId "34652590"]
[BlackFideId "25712837"]
[EventDate "2024.03.15"]

1. e4 e5 2. Nf3 Nc6 3. d4 exd4 4. Nxd4 d6 5. Nc3 Nf6 6. Bf4 Be7 7. Qd2 Nh5 8.
Be3 Nxd4 9. Qxd4 Bf6 10. Qd2 Bxc3 11. Qxc3 Nf6 12. O-O-O Qe7 13. e5 Ne4 14. Qc4
Qxe5 15. Qxc7 Qe7 16. Bb5+ Kf8 17. Qxe7+ Kxe7 18. Rhe1 Be6 19. f3 Nf6 20. Bf4
Rhd8 21. Re3 Rac8 22. Red3 Bf5 23. Re3+ Be6 24. Rd4 Rc5 25. Bc4 Nh5 26. Bb3 Nxf4
27. Rxf4 Re5 28. Rc3 Bxb3 29. axb3 Rc5 30. Re4+ Kf6 31. Rd3 Re5 32. Rf4+ Ke6 33.
Kd2 g5 34. Rc4 Kd7 35. Rdc3 Rd5+ 36. Kc1 Ke7 37. Rc7+ Rd7 38. Rc8 h5 39. g3 g4
40. Rg8 gxf3 41. Rxf3 Rc7 42. Rh8 Rdc5 43. c3 Re5 44. Rh6 b6 45. Rhf6 Kf8 46.
Rxd6 Rce7 47. Rd2 Re2 48. Rf2 Rxf2 49. Rxf2 Re4 50. Rf5 h4 51. Rf4 Rxf4 52. gxf4
f5 53. b4 Ke7 54. Kd2 Kd6 55. Kd3 a5 56. bxa5 bxa5 57. h3 Kd5 58. b3 Kc5 59. Kd2
Kd5 60. Ke3 Kc5 61. Kd3 Kd5 62. c4+ 1-0

[Event "Reykjavik Open 2024"]
[Site "Reykjavik ISL"]
[Date "2024.03.20"]
[Round "8.150"]
[White "Becke, Wolf"]
[Black "Pollitt, Henry"]
[Result "1/2-1/2"]
[WhiteElo "1928"]
[BlackElo "1674"]
[WhiteFideId "16203038"]
[BlackFideId "2644916"]
[EventDate "2024.03.15"]

1. c4 Nf6 2. Nc3 d5 3. cxd5 Nxd5 4. d4 Nxc3 5. bxc3 g6 6. g3 Bg7 7. Bg2 O-O 8.
Nf3 c5 9. O-O cxd4 10. cxd4 Nc6 11. e3 Bf5 12. Nh4 Bd7 13. Rb1 b6 14. Ba3 Rc8
15. Rc1 Na5 16. Qd3 Bc6 17. Bxc6 Rxc6 18. Rxc6 Nxc6 19. Qe4 Qd7 20. Rc1 Rc8 21.
Nf3 e6 22. Kg2 Na5 23. Rxc8+ Qxc8 24. Nd2 h6 25. Bb4 f5 26. Qd3 Qc6+ 27. Kg1 Qa4
28. Bxa5 Qxa5 29. Qc2 Kh7 30. Qc7 Qa4 31. h3 1/2-1/2

[Event "Reykjavik Open 2024"]
[Site "Reykjavik ISL"]
[Date "2024.03.20"]
[Round "8.151"]
[White "Davidsen, Rokur"]
[Black "Gilsson, Asmund"]
[Result "1/2-1/2"]
[WhiteElo "1682"]
[BlackElo "1821"]
[WhiteFideId "7203098"]
[BlackFideId "1541242"]
[EventDate "2024.03.15"]

1. e4 d5 2. exd5 Qxd5 3. Nc3 Qd8 4. Bc4 Nf6 5. d4 a6 6. Nf3 b5 7. Bb3 c5 8. dxc5
Qxd1+ 9. Kxd1 e6 10. Be3 Bb7 11. a4 b4 12. Na2 Nc6 13. Nc1 Ng4 14. Nd3 Nxe3+ 15.
fxe3 Be7 16. Ke2 O-O 17. Rad1 Rac8 18. Kf2 Rfd8 19. Rd2 Bf6 20. Rhd1 a5 21. e4
Nd4 22. Nxd4 Rxd4 23. e5 Bg5 24. Re2 Ba6 25. Ree1 Rcd8 26. g3 Be7 27. Kf3 Bb7+
28. Ke2 h5 29. c6 Bxc6 30. Nf2 h4 31. Rxd4 Rxd4 32. Rd1 Rxd1 33. Kxd1 Bf3+ 34.
Kd2 hxg3 35. hxg3 Bc5 36. Nd3 Bg1 37. c3 bxc3+ 38. bxc3 Bh2 39. Ke3 Bc6 40. Kf2
Kf8 41. Bd1 f6 42. Nf4 Ke7 43. Ng6+ Kd7 44. Bg4 Bxa4 45. Kg2 Bxg3 46. Kxg3 Bb3
47. Nf4 Bc4 48. exf6 gxf6 49. Bd1 Kd6 50. Kf3 Bb5 51. Bb3 e5 52. Ne2 a4 53. Ba2
Bd3 54. Ke3 Bc2 55. Nc1 Bf5 56. Nd3 Bg4 57. Nb2 Bd7 58. Nd3 f5 59. Bc4 Bc6 60.
Nb4 f4+ 61. Ke2 Bd7 62. Nd3 a3 63. Ba2 Bf5 64. Nb4 Bg4+ 65. Kd2 e4 66. Nc2 e3+
67. Nxe3 fxe3+ 68. Kxe3 Kc5 69. Kd2 Bd7 70. Kc1 Ba4 71. Kb1 Bd1 72. Ka1 Be2 73.
Bg8 Bc4 74. Bxc4 Kxc4 75. Ka2 Kxc3 76. Kxa3 1/2-1/2

[Event "Reykjavik Open 2024"]
[Site "Reykjavik ISL"]
[Date "2024.03.20"]
[Round "8.152"]
[White "Solsker, Jonas"]
[Black "Rajendran, Ishaan"]
[Result "0-1"]
[WhiteElo "1681"]
[BlackElo "1806"]
[WhiteFideId "7204124"]
[BlackFideId "39910032"]
[EventDate "2024.03.15"]

1. d4 d5 2. c4 c6 3. Nf3 Nf6 4. Nc3 e6 5. Bf4 Nbd7 6. cxd5 exd5 7. e3 Be7 8. Bd3
O-O 9. h3 b6 10. O-O Bb7 11. Ne5 c5 12. Re1 Nxe5 13. Bxe5 Bd6 14. Bxf6 Qxf6 15.
Nb5 c4 16. Nxd6 Qxd6 17. Bc2 b5 18. b3 a5 19. bxc4 dxc4 20. Qh5 f5 21. Rad1 Qg6
22. Qxg6 hxg6 23. f3 b4 24. e4 a4 25. exf5 b3 26. axb3 axb3 27. Be4 Bxe4 28.
fxe4 c3 29. fxg6 c2 30. Rc1 b2 0-1

[Event "Reykjavik Open 2024"]
[Site "Reykjavik ISL"]
[Date "2024.03.20"]
[Round "8.153"]
[White "Hildebrandt, Paul"]
[Black "Cooper, Malcolm H"]
[Result "0-1"]
[WhiteElo "1679"]
[BlackElo "1804"]
[WhiteFideId "34643702"]
[BlackFideId "469580"]
[EventDate "2024.03.15"]

1. Nf3 d5 2. b3 Bf5 3. Bb2 e6 4. e3 Nf6 5. c4 c6 6. Be2 h6 7. O-O Bd6 8. d4 O-O
9. Nc3 a6 10. h3 Nbd7 11. Qd2 Ne4 12. Nxe4 Bxe4 13. Qd1 Nf6 14. Ne5 Qe7 15. c5
Bxe5 16. dxe5 Nd7 17. b4 Qg5 18. Bf3 Bxf3 19. Qxf3 Nxe5 20. Bxe5 Qxe5 21. Rfc1
Rfd8 22. a3 Rd7 23. Rd1 a5 24. Rab1 axb4 25. axb4 Ra2 26. Rd4 Rd8 27. b5 Rda8
28. bxc6 Ra1 29. cxb7 Rxb1+ 30. Rd1 Rxb7 0-1

[Event "Reykjavik Open 2024"]
[Site "Reykjavik ISL"]
[Date "2024.03.20"]
[Round "8.154"]
[White "Zarriess, Benjamin"]
[Black "Aoun, Karim"]
[Result "1-0"]
[WhiteElo "1798"]
[BlackElo "1670"]
[WhiteFideId "34606645"]
[BlackFideId "5314216"]
[EventDate "2024.03.15"]

1. e4 c5 2. Nf3 Nc6 3. Bb5 g6 4. O-O Bg7 5. Nc3 d6 6. Re1 a6 7. Bxc6+ bxc6 8. e5
Bg4 9. h3 Bxf3 10. Qxf3 Qc7 11. exd6 Qxd6 12. Ne4 Qd5 13. d3 f5 14. Nd2 Qxf3 15.
Nxf3 Rb8 16. Ne5 Rb6 17. Nc4 Rb8 18. Bf4 Rd8 19. Re6 Rd4 20. Bd2 Kd7 21. Rae1
Re4 22. R6xe4 fxe4 23. Rxe4 e5 24. Nxe5+ Bxe5 25. Rxe5 Ne7 26. Rxc5 Rb8 27. b3
Nd5 28. a4 Re8 29. Kf1 Re5 30. Rc4 g5 31. Re4 Rf5 32. g4 Rf3 33. Kg2 1-0

[Event "Reykjavik Open 2024"]
[Site "Reykjavik ISL"]
[Date "2024.03.20"]
[Round "8.155"]
[White "Imam-Sadeque, Ali"]
[Black "Opasiak, Dustin Tennessee"]
[Result "1-0"]
[WhiteElo "1652"]
[BlackElo "1785"]
[WhiteFideId "343422500"]
[BlackFideId "24630217"]
[EventDate "2024.03.15"]

1. d4 d5 2. Nc3 Nf6 3. Bf4 e6 4. Nb5 Na6 5. e3 c6 6. Nc3 Bd6 7. Bxd6 Qxd6 8.
Bxa6 bxa6 9. Na4 Rb8 10. c3 a5 11. Qe2 Nd7 12. Qg4 O-O 13. Qg3 e5 14. Nf3 Re8
15. O-O Ba6 16. Rfd1 Bb5 17. Nc5 Nxc5 18. dxc5 Qe7 19. b4 axb4 20. cxb4 Be2 21.
Rdb1 Bd3 22. Rb3 Bc4 23. Rb2 a5 24. a3 axb4 25. axb4 Ra8 26. Rxa8 Rxa8 27. h3 f6
28. Nh4 Qe6 29. Qg4 Qxg4 30. hxg4 g6 31. Nf3 Kf7 32. Nd2 Ra1+ 33. Kh2 Bb5 34.
Nb3 Ra7 35. Na5 Rc7 36. Kg3 Ke6 37. Kf3 f5 38. Nb3 h5 39. gxh5 gxh5 40. g3 Rg7
41. Rb1 h4 42. Rh1 Rg4 43. Rxh4 Rxh4 44. gxh4 Kf6 45. Kg3 Kg6 46. f4 Ba4 47. Nd2
e4 48. Nb1 Bb5 49. Nc3 Ba6 50. Na4 Bb7 51. Nb6 Kh5 52. Na4 Kg6 53. Nc3 Ba6 54.
Nd1 Kh5 55. Nf2 Kg6 56. Nh1 Kh5 57. Kh3 Bf1+ 58. Kh2 Ba6 59. Ng3+ Kg6 60. h5+
Kf6 61. Kg2 Bc8 62. Ne2 Bd7 63. Kg3 Be8 64. Kh4 Bd7 65. Nd4 Be8 66. h6 Kg6 67.
h7 Kxh7 68. Kg5 1-0

[Event "Reykjavik Open 2024"]
[Site "Reykjavik ISL"]
[Date "2024.03.20"]
[Round "8.156"]
[White "Beyerle, Gregor"]
[Black "De Winter, Eric"]
[Result "1-0"]
[WhiteElo "1610"]
[BlackElo "1782"]
[WhiteFideId "34614494"]
[BlackFideId "1033069"]
[EventDate "2024.03.15"]

1. d4 Nf6 2. c4 g6 3. Nc3 d5 4. cxd5 Nxd5 5. e4 Nxc3 6. bxc3 Bg7 7. Ba3 O-O 8.
Bc4 Nc6 9. Nf3 Na5 10. Bd3 b6 11. O-O c5 12. dxc5 Bxc3 13. Rc1 Bg7 14. c6 Qc7
15. Qc2 Bg4 16. Ng5 Bc8 17. f4 h6 18. Nf3 Qxf4 19. Bxe7 Qe3+ 20. Kh1 Re8 21. Bb4
Be6 22. Bd2 Qc5 23. Qxc5 bxc5 24. Rxc5 Nxc6 25. Rxc6 Red8 26. Bc4 Bg4 27. Bd5
Rab8 28. Bc3 Bd7 29. Rxg6 1-0

[Event "Reykjavik Open 2024"]
[Site "Reykjavik ISL"]
[Date "2024.03.20"]
[Round "8.157"]
[White "Mistilioglou, Athanasios"]
[Black "Jonsson, Jon Oddur"]
[Result "1-0"]
[WhiteElo "1772"]
[BlackElo "1668"]
[WhiteFideId "25855344"]
[BlackFideId "2326426"]
[EventDate "2024.03.15"]

1. c4 c5 2. Nf3 Nf6 3. Nc3 e6 4. d4 cxd4 5. Nxd4 Nc6 6. e3 Bb4 7. Bd2 Bxc3 8.
Bxc3 Ne4 9. Qg4 Nxc3 10. Qxg7 Rf8 11. Nxc6 dxc6 12. Qxc3 Bd7 13. O-O-O Qc7 14.
Be2 O-O-O 15. c5 e5 16. Rd6 Bf5 17. g4 Bg6 18. Rhd1 Qe7 19. Qa5 a6 20. Rxd8+
Rxd8 21. Rxd8+ Qxd8 22. Qxd8+ Kxd8 23. Kd2 f6 24. Bd3 Kd7 25. Bxg6 hxg6 26. h4
e4 27. h5 gxh5 28. gxh5 Ke7 29. Kc3 f5 30. Kd4 Kf6 31. b3 a5 32. a3 Kg5 33. Ke5
Kxh5 34. Kxf5 1-0